000
00354pab a2200157 454500
008
180718b1998 xxu||||| |||| 00| 0 eng d
100
_a
Arora, Mini
245
_a
Budget: a politico-economic view
260
_c
1998
300
_a
p.22-24
362
_a
Jul
650
_a
Budget
700
_a
Sharan, A.K.
773
_a
Politics India
909
_a
37917
999
_c
37917
_d
37917